Diseño geométrico y de estructura de pavimento con adoquín, de 3.9 Km de camino El Naranjal- Empalme Betulia
El presente trabajo contempla el diseño geométrico y de la estructura de pavimento de todo el tramo (3.9 kilómetros) con una carpeta de rodamiento de adoquines aplicando el método de la AASHTO-93.
| Main Authors: | , |
|---|---|
| Other Authors: | |
| Format: | Tesis Section = Libro |
| Language: | Undetermined Spanish |
| Published: |
Managua
UNI
2009
|
| Subjects: |
| LEADER | 01022nam a2200253Ia 4500 | ||
|---|---|---|---|
| 008 | 240830s9999 xx 000 0 und d | ||
| 040 | |a BIBLIOTECA-RUPAP T.Mon 625.85 J91 | ||
| 041 | |a spa | ||
| 082 | |a T.Mon 625.85 J91 | ||
| 100 | 1 | |a Juárez Hernández María José | |
| 100 | 1 | |b Campos Téllez Marling María | |
| 245 | 1 | 0 | |a Diseño geométrico y de estructura de pavimento con adoquín, de 3.9 Km de camino El Naranjal- Empalme Betulia |
| 260 | |a Managua |b UNI |c 2009 | ||
| 300 | |a 64 p. :il. | ||
| 500 | |a Contiene: anexos. | ||
| 502 | |a Tesis (Ingeniero Civil)- UNI, 2009. | ||
| 520 | 3 | |a El presente trabajo contempla el diseño geométrico y de la estructura de pavimento de todo el tramo (3.9 kilómetros) con una carpeta de rodamiento de adoquines aplicando el método de la AASHTO-93. | |
| 650 | 7 | |a PAVIMENTO | |
| 650 | 7 | |b PAVIMENTO DE HORMIGON | |
| 650 | 7 | |c PAVIMENTOS- DISEÑO Y CONTRUCCON | |
| 700 | 1 | |a Tutor: |b López Peña, Orlando Anastasio | |
| 942 | |c BK |2 ddc | ||
| 991 | |a TESIS | ||
| 999 | |c 18350 | ||